Teorie množin

Salvato in:
Dettagli Bibliografici
Autore principale: Balcar, Bohuslav
Altri autori: Štěpánek, Petr
Natura: Libro
Lingua:ceco
Pubblicazione: Praha Academia 1986
Edizione:1. vyd.
Tags: Aggiungi Tag
Nessun Tag, puoi essere il primo ad aggiungerne!!

MARC

LEADER 00000nam a2200000 4500
001 c022834
005 20221220073037.5
041 0 |a cze 
044 |a CZ 
245 1 0 |a Teorie množin  |c Bohuslav Balcar, Petr Štěpánek 
250 |a 1. vyd. 
264 1 |a Praha  |b Academia  |c 1986 
300 |a 412 s. 
100 1 |a Balcar, Bohuslav 
700 1 |a Štěpánek, Petr